| 000 | 00477nam a2200181 i 4500 | ||
|---|---|---|---|
| 001 | 71905 | ||
| 003 | ES-MaACL | ||
| 005 | 20230906171252.0 | ||
| 007 | t| | ||
| 008 | 040820s1968 xxk ||||1| eng d | ||
| 100 | 1 |
_aGifford, Denis. _956701 |
|
| 245 | 1 | 0 |
_aBritish cinema / _cby Denis Gifford. |
| 250 | _a1st ed. | ||
| 260 |
_aLondon : _bA. Zwemmer, _c[1968] |
||
| 300 |
_a176 p., 8 lám. ; _c16 cm. |
||
| 650 | 4 |
_aCine- _zGran Bretaña. _9172300 |
|
| 852 |
_aES-MaACL _jE-5736 |
||
| 999 |
_c71905 _d71905 |
||